Protocolo facultativo a la convención de las naciones unidas contra la tortura y otros tratos o penas crueles, inhumanos o degradante: un manual para la prevención

Saved in:
Bibliografiske detaljer
Institution som forfatter: Instituto Interamericano de Derechos Humanos (Author)
Format: Bog
Sprog:spansk
Udgivet: San José IIDH 2004
Udgivelse:2a. ed
Fag:
Tags: Tilføj Tag
Ingen Tags, Vær først til at tagge denne postø!

MARC

LEADER 00000nam a2200000 a 4500
001 UCJ0685
003 CL-VaPUC
008 060825e20040000CR |||||||||||||||||spa|d
020 |a 9968917265 
082 0 4 |a 364.67  |b INS  |2 21 
110 2 |a Instituto Interamericano de Derechos Humanos  |e author  |9 500952 
245 1 0 |a Protocolo facultativo a la convención de las naciones unidas contra la tortura y otros tratos o penas crueles, inhumanos o degradante: un manual para la prevención 
250 |a 2a. ed 
300 |a 326 p 
942 |c BK 
945 |d 20060825 00:00:00  |a jtorresc 
260 |a San José  |b IIDH  |c 2004 
650 7 |a PENOLOGIA  |2 CL-VaPUC  |9 387291 
650 7 |a CASTIGOS  |2 CL-VaPUC  |9 500953 
650 0 |a Tortura  |9 255793 
650 0 |a Derechos humanos  |9 223025 
650 0 |a Derecho internacional  |9 255637 
583 |a last modification  |c 20161003 07:56:24  |k Rodrigo Vera 
999 |c 317448  |d 317446 
952 |0 0  |1 0  |4 0  |6 364_670000000000000_INS_2004  |7 0  |8 A  |9 393833  |a BIBDER  |b BIBDER  |d 2019-11-22  |i 4266099  |o 364.67 INS 2004  |p 4266099  |r 2023-01-25  |w 2019-11-22  |y BK  |k DER